000 01279cam a2200145 4500500
005 20260405024737.0
041 _afre
042 _adc
100 1 0 _aMasuoka, Takashi
_eauthor
700 1 0 _aTakubo, Yukinori
_eauthor
245 0 0 _aGrammaire fondamentale du japonais
260 _bArmand Colin,
_c2022.
520 _aTraduction et adaptation en français d’un ouvrage de référence (Kiso nihongo bunpô, Grammaire fondamentale du japonais), ce livre met à la disposition du public francophone une grammaire contemporaine du japonais. Cette grammaire est utilisée aujourd’hui par un très large public au Japon. Les enseignants de japonais langue étrangère ou les chercheurs en linguistique l’apprécient particulièrement pour son caractère moderne qui a réussi à éliminer les problèmes des grammaires usuelles conservant des éléments obsolètes des héritages traditionnels. Rédigée par les deux linguistes faisant partie des premiers acteurs de la linguistique japonaise à l’échelle mondiale, il offre les connaissances les plus avancées mais avec le plus grand soin pédagogique, dans un langage accessible à tous.
856 4 1 _uhttps://shs.cairn.info/grammaire-fondamentale-du-japonais--9782200633929?lang=fr&redirect-ssocas=7080
999 _c2140978
_d2140978